| 000 | 01765nmm a2200457 i 4500 | ||
|---|---|---|---|
| 001 | bg | ||
| 946 | _c174.11 | ||
| 245 | 0 | 0 |
_aTechniki negocjacji _h[Film] / _cscen. Elżbieta Trembowelska, Paweł Filarski ; konsult. Robert Błaut ; reż. Piotr Chmielewski ; współpr. Paweł Filarski, kier. prod. Waldemar Rudziecki. |
| 260 |
_aGdańsk : _bWytwórnia Filmów Szkoleniowych Synergia, _c[ca 2000] |
||
| 300 |
_a1 płyta wiz. (DVD) (41 min.) : _bdźw., kolor. ; _c12 cm. |
||
| 490 | 1 | _aWideoteka Synergii | |
| 500 | _aTyt. wg etykiety na opakowaniu. | ||
| 500 | _aPojemnik : 19x14x2 cm. | ||
| 511 | 1 | _aWystapili: Krzysztof Stelmaszczyk, Maciej Orłoś, Krzysztof Arsenowicz, Roman Pietrzyk, Agnieszka Babicz, Agnieszka Pawlak, Krzysztof Gordon. | |
| 650 | 9 |
_aNegocjacje _xmetody |
|
| 650 | 9 | _aKomunikacja interpersonalna | |
| 655 | 9 | _aFilm edukacyjny | |
| 655 | 9 | _aPoradniki | |
| 700 | 1 |
_aTrembowelska, Elżbieta. _bScen. |
|
| 700 | 1 |
_aFilarski, Paweł. _bScen. |
|
| 700 | 1 |
_aChmielewski, Piotr. _bReż. |
|
| 700 | 1 |
_aRudziecki, Waldemar. _bProd. |
|
| 700 | 1 |
_aBłaut, Robert. _bKonsult. |
|
| 700 | 1 |
_aStelmaszczyk, Krzysztof. _bAktor |
|
| 700 | 1 |
_aOrłoś, Maciej. _bAktor |
|
| 700 | 1 |
_aArsenowicz, Krzysztof. _bAktor |
|
| 700 | 1 |
_aPietrzyk, Roman. _bAktor |
|
| 700 | 1 |
_aBabicz, Agnieszka. _bAktor |
|
| 700 | 1 |
_aPawlak, Agnieszka. _bAktor |
|
| 700 | 1 |
_aGordon, Krzysztof. _bAktor |
|
| 830 | 0 | _aWideoteka Synergii | |
| 040 | _cBPK | ||
| 041 | 1 | _apol | |
| 044 | _aPOL | ||
| 080 | _a005.574 | ||
| 080 | _a316.77 | ||
| 080 | _a(086.82) | ||
| 080 | _a(083.1) | ||
| 942 | _cDVD | ||
| 008 | 120705s2011 pl |000 0 pol | ||
| 999 |
_c41248 _d41248 |
||
| 856 |
_uhttp://koha.tu.koszalin.pl/cgi-bin/koha/opac-detail.pl?biblionumber=41248 _yKatalog online BPK |
||